| 000 | 00551cam a22002291 4500 | ||
|---|---|---|---|
| 001 | ne 65002663 | ||
| 003 | DLC | ||
| 005 | 20260227111819.0 | ||
| 008 | 890905s1965 xx 000 0 ara | ||
| 010 | _ane 65002663 | ||
| 035 | _a(OCoLC)23519461 | ||
| 040 |
_aDLC _cMiU _dDLC |
||
| 042 | _apremarc | ||
| 050 | 0 | 0 |
_aDS110.5 _b.J35 |
| 100 | 1 | _aJawharī, Rifʻat. | |
| 245 | 1 | 0 | _aSinā'. |
| 260 | _c1965 | ||
| 300 |
_a250, [1] p. _billus., fold. map. _c24 cm. |
||
| 490 | 0 |
_a# _v144 |
|
| 504 | _aBibliography: p. [251] | ||
| 651 | 0 | _aSinai (Egypt) | |
| 999 |
_c48595 _d48595 |
||